000 00934nam a2200253Ia 4500
003 OSt
005 20221005111852.0
006 a|||||r|||| 00| 0
007 ta
008 221004b |||||||| |||| 00| 0 hin d
020 _a9788189921514 (hbk)
_c3500
024 _a102749
037 _b383, 25/12/2009, Eastern Book Linkers
_cTextual
040 _aCRL
_cCRL
_bhin
041 _2hin
_ahin
082 _aN44:(Y:351), 152P9
100 _aचतुर्वेदी, मंजुला
245 0 _aभारतीय लोककला के अभिप्राय
246 _aBhāratīya lokakalā ke abhiprāya
260 _aवाराणसी
_bकला प्रकाशन भारत
_c2009
300 _a264पृ0
_ccm.
942 _hN44:(Y:351), 152P9
_cTEXL
_2cc
999 _c1023137
_d1023137